Nové pravidlá vzájomného uznávania

Potreba nového regulačného balíčka. Analýza nových podmienok po vypracovaní legislatívnej úpravy Európskeho parlamentu a Rady (ES) č. 764/2008, ktorými sa ustanovujú postupy týkajúce sa uplatňovania určitých vnútroštátnych technických pravidiel na výrobky, ktoré sú v súlade s právnymi predpisy uve...

ver descrição completa

Na minha lista:
Detalhes bibliográficos
Autor principal: Kristová, Ľudmila
Outros Autores: Košútová, Tatiana, 1962-
Formato: Capítulo de Livro
Idioma:eslovaco
Assuntos:
Tags: Adicionar Tag
Sem tags, seja o primeiro a adicionar uma tag!

MARC

LEADER 00000naa$a2200000$$$4500
001 0103949
005 20240523125123.1
041 0 |a slo 
044 |a SK 
245 1 0 |a Nové pravidlá vzájomného uznávania  |c Ľudmila Kristová, Tatiana Košútová 
520 |a Potreba nového regulačného balíčka. Analýza nových podmienok po vypracovaní legislatívnej úpravy Európskeho parlamentu a Rady (ES) č. 764/2008, ktorými sa ustanovujú postupy týkajúce sa uplatňovania určitých vnútroštátnych technických pravidiel na výrobky, ktoré sú v súlade s právnymi predpisy uvedené na trh v inom členskom štáte a ktorým sa zrušuje rozhodnutie č. 3052/95/ES. 
610 2 0 |a pohyb tovaru 
610 2 0 |a ochrana spotrebiteľa 
610 2 0 |a trh vnútorný 
610 2 0 |a normy technické 
610 2 0 |a legislatíva 
610 2 0 |a Európsky parlament 
100 1 |a Kristová, Ľudmila 
700 1 |a Košútová, Tatiana, 1962-